00785nam a2200205 a 4500003000200000005001700002008004100019050003000060100002700090245007100117260009100188300002800279504004300307650005000350650003600400650002800436650003600464650004000500650003900540020250201091546.0130901s19uu xx 00 eng d aPGS LB 1033b.Su949 2013  aSullano, Aion Auria B. aNumber of friends and classroom behavior /cAion Auria B. Sullano. aLas Piñas City, Philippines :bSouthville International School and Colleges, c2013. a29 p. :bill. ;c28 cm. aIncludes bibliographical references.  aClassroom environmentvPsychological aspects. aPeer relationships in children. aFriendship in children. aSocial interaction in children. aSchool childrenvSocial conditions. aChild behavior in school settings.